00694nam a2200181 a 450000100100000000500170001000800410002702000150006804000250008308200080010810000380011624501000015426000520025430000280030670000530033495201080038799900170049500003970720201002033706.0130716s1996 sp a 000 0 spa d a8481811491 aDO-SdBNPbspacBNPHU axxx1 aCarrión Gútiez, Manuel94319613aLa biblioteca nacional /cManuel Carrión Gútiez ; prólogo Luis Alberto de Cuenca y Prado. aMadrid, España :bBiblioteca Nacional,c1996. a205 p. :bil. ;c30 cm.1 aCuenca y Prado, Luis Alberto de,epról.965898 001050718MOaGRbGRcCTd2013-07-16iLF1l0oxxx p39707-10r2020-06-25w2020-06-25y1ZNo se presta c39197d39197